000 00527nam a2200169 i 4500
001 94972
003 ES-MaACL
005 20230906181613.0
007 t|
008 050519s1925 sp ||||1| spa d
100 0 _aLuengo Martínez, José María.
_974636
245 1 4 _aLas casas de los Fernández en Oñamon y Villamontán (León) /
_cpor José María Luengo y Julián Sanz Martínez.
260 _aLeón :
_b[s.n.],
_c1925.
300 _a134 p.
700 1 _aSanz Martínez, Julián.
_9103663
852 _aES-MaACL
_j1690-F-7
999 _c94972
_d94972